000 00941nam a2200241Ia 4500
003 Ost
005 20260507075047.0
008 260507s9999||||xx |||||||||||||| ||und||
020 _a9773280292
040 _cfsecg
041 _aara
082 _a330
100 _aمحمدين، جلال وفاء
_eمؤلف
245 0 _aدور البنوك في مكافحة غسيل الأموال /
_c جلال وفاء محمدين
260 _aالاسكندرية:
_bدار الجامعة الجديدة للنشر,
_c2001
300 _a118 صفحة؛
_bإيضاحات ؛
_c24 سم
490 _aالمكتبة القانونية
504 _aببليوغرافيا: ص. 110
520 _aمراحل وأساليب غسيل الأموال-مسؤولية البنوك وغسيل الأموال-السرية المصرفية وغسيل الأموال
653 _aالبنوك
653 _aجرائم الأموال
942 _cكتاب
999 _c42582
_d42582